<?xml version="1.0" encoding="UTF-8"?>
<record
    xmlns:xsi="http://www.w3.org/2001/XMLSchema-instance"
    xsi:schemaLocation="http://www.loc.gov/MARC21/slim http://www.loc.gov/standards/marcxml/schema/MARC21slim.xsd"
    xmlns="http://www.loc.gov/MARC21/slim">

  <leader>01128nam a2200277 a 4500</leader>
  <controlfield tag="001">62282</controlfield>
  <controlfield tag="003">BD-RjUL</controlfield>
  <controlfield tag="005">20211209081050.0</controlfield>
  <controlfield tag="008">170212s1997    bg a                eng |</controlfield>
  <datafield tag="020" ind1=" " ind2=" ">
    <subfield code="a">9845083005</subfield>
    <subfield code="c">: Tk. 400.00 Inland</subfield>
  </datafield>
  <datafield tag="035" ind1=" " ind2=" ">
    <subfield code="a">(BD-RjUL) 62408</subfield>
  </datafield>
  <datafield tag="040" ind1=" " ind2=" ">
    <subfield code="a">ANL</subfield>
    <subfield code="b">eng</subfield>
    <subfield code="d">ANL</subfield>
    <subfield code="c">BD-RjUL</subfield>
  </datafield>
  <datafield tag="041" ind1=" " ind2=" ">
    <subfield code="a">eng</subfield>
  </datafield>
  <datafield tag="082" ind1=" " ind2=" ">
    <subfield code="2">23</subfield>
    <subfield code="a">304.6095492021</subfield>
    <subfield code="b">BAB V-3 1997 (NSUAR)</subfield>
  </datafield>
  <datafield tag="110" ind1=" " ind2=" ">
    <subfield code="a">Bangladesh Bureau of Statistics</subfield>
    <subfield code="9">179266</subfield>
  </datafield>
  <datafield tag="245" ind1="1" ind2="0">
    <subfield code="a">Bangladesh population census, 1991 = &#x9AC;&#x9BE;&#x982;&#x9B2;&#x9BE;&#x9A6;&#x9C7;&#x9B6; &#x986;&#x9A6;&#x9AE;&#x9B6;&#x9C1;&#x9AE;&#x9BE;&#x9B0;&#x9C0;, &#x9E7;&#x9EF;&#x9EF;&#x9E7; :</subfield>
    <subfield code="b">National Series/</subfield>
    <subfield code="c">Bangladesh Bureau of Statistics</subfield>
  </datafield>
  <datafield tag="246" ind1=" " ind2=" ">
    <subfield code="a">&#x9AC;&#x9BE;&#x982;&#x9B2;&#x9BE;&#x9A6;&#x9C7;&#x9B6; &#x986;&#x9A6;&#x9AE;&#x9B6;&#x9C1;&#x9AE;&#x9BE;&#x9B0;&#x9C0;, &#x9E7;&#x9EF;&#x9EF;&#x9E7;</subfield>
  </datafield>
  <datafield tag="260" ind1=" " ind2=" ">
    <subfield code="a">Dhaka,  :</subfield>
    <subfield code="b">Bangladesh Bureau of Statistics, </subfield>
    <subfield code="c">1984.</subfield>
  </datafield>
  <datafield tag="300" ind1=" " ind2=" ">
    <subfield code="a"> v.  :</subfield>
    <subfield code="b">Ill ;</subfield>
    <subfield code="c">28 cm.</subfield>
  </datafield>
  <datafield tag="490" ind1=" " ind2=" ">
    <subfield code="a">National  series:  Urban Area Report ;</subfield>
    <subfield code="v">v. 3</subfield>
  </datafield>
  <datafield tag="505" ind1="0" ind2=" ">
    <subfield code="a">Vol. 3, Urban Area Report --</subfield>
  </datafield>
  <datafield tag="651" ind1=" " ind2=" ">
    <subfield code="a">Bangladesh</subfield>
    <subfield code="z">Urban Area</subfield>
    <subfield code="v">census, 1991</subfield>
    <subfield code="9">190840</subfield>
  </datafield>
  <datafield tag="651" ind1=" " ind2=" ">
    <subfield code="a">Bangladesh</subfield>
    <subfield code="z">Urban Area</subfield>
    <subfield code="x">Population </subfield>
    <subfield code="v">Statistics</subfield>
    <subfield code="y">1991</subfield>
    <subfield code="9">190841</subfield>
  </datafield>
  <datafield tag="830" ind1=" " ind2=" ">
    <subfield code="a">National  series:  Urban Area Report ;</subfield>
    <subfield code="v">v. 3</subfield>
    <subfield code="9">190843</subfield>
  </datafield>
  <datafield tag="942" ind1=" " ind2=" ">
    <subfield code="2">ddc</subfield>
    <subfield code="c">RAR</subfield>
  </datafield>
  <datafield tag="999" ind1=" " ind2=" ">
    <subfield code="c">62282</subfield>
    <subfield code="d">62282</subfield>
  </datafield>
  <datafield tag="952" ind1=" " ind2=" ">
    <subfield code="0">0</subfield>
    <subfield code="1">0</subfield>
    <subfield code="2">ddc</subfield>
    <subfield code="4">0</subfield>
    <subfield code="7">1</subfield>
    <subfield code="8">RARE</subfield>
    <subfield code="a">RUCL</subfield>
    <subfield code="b">RUCL</subfield>
    <subfield code="c">Rare</subfield>
    <subfield code="d">2008-11-09</subfield>
    <subfield code="e">Dhaka, BBS</subfield>
    <subfield code="l">0</subfield>
    <subfield code="o">RA 304.6095492021 BAB V-3 1997(NSUAR)</subfield>
    <subfield code="r">2017-02-12 00:00:00</subfield>
    <subfield code="t">C-1</subfield>
    <subfield code="w">2017-02-12</subfield>
    <subfield code="y">RAR</subfield>
  </datafield>
</record>
